الملحمة الشعبية : الدم .. وأغصان الزيتون

محفوظ في:

المؤلف الرئيسي: على بن على صبره.

التنسيق: كتاب

اللغة: Undetermined

منشور في: Yemen Matabie Dar al-qalam

سلاسل: منشورات المصباح مجلة علمية جامعة، ٦ ع - ١٢

الوسوم: إضافة وسم

لا توجد وسوم, كن أول من يضع وسما على هذه التسجيلة!

رقم الطلب: N39 SABR

LEADER 00479nam a2200133Ia 4500
008 240404s9999||||xx |||||||||||||| ||und||
050 4 |a N39 SABR 
100 1 |a على بن على صبره. 
245 1 0 |a الملحمة الشعبية : الدم .. وأغصان الزيتون  |c على بن على صبره 
264 1 |a Yemen  |b Matabie Dar al-qalam 
300 |a 183  |c 22 
490 0 |a منشورات المصباح مجلة علمية جامعة، ٦ ع - ١٢ 
942 |2 lcc  |c BK 
999 |c 58099  |d 58099